Family plot Οικογενειακή συνομωσία

Η παράλληλη πορεία δύο ζευγαριών: ο κοσμηματοπώλης Άρθουρ Άνταμσον και η ερωμένη του Φραν είναι απαγωγείς προσωπικοτήτων και το ψευτομέντιουμ Μπλανς μαζί με τον σοφέρ φίλο της Τζορτζ αναζητούν τα ίχνη των κληρονόμων μιας πάμπλουτης γριάς. Η πορεία των δύο ζευγαριών θα διασταυρωθεί όταν η Μπλανς υποψ...

Πλήρης περιγραφή

Αποθηκεύτηκε σε:
Λεπτομέρειες βιβλιογραφικής εγγραφής
Άλλοι συγγραφείς: Hitchcock, Alfred, 1899-1980 (Διευθυντής), Black, Karen, 1939-2013 (Ηθοποιός), Dern, Bruce (Ηθοποιός), Harris, Barbara, 1935-2018 (Ηθοποιός)
Μορφή: Διαφάνειες
Γλώσσα:English
Greek
Δημοσίευση: [S.l.] : Universal Studios, c1976.
Θέματα:
Ετικέτες: Προσθήκη ετικέτας
Δεν υπάρχουν, Καταχωρήστε ετικέτα πρώτοι!

MARC

LEADER 00000cgm a2200000 a 4500
001 1/119342
008 190627s1976####xx ||| | || ||eng||
040 |a GR-MyUa  |b gre  |c GR-MyUa  |e AACR2 
041 0 |a eng  |j gre 
082 7 |a 791.437   |2 (23) 
245 0 0 |a Family plot   |h [μαγνητοσκόπηση] =   |b Οικογενειακή συνομωσία /   |c σκηνοθεσία: Alfred Hitchcock. 
246 1 |i Παράλληλος τίτλος:   |a Οικογενειακή συνομωσία 
260 |a [S.l.] :   |b Universal Studios,   |c c1976. 
300 |a 1 βιντεοδίσκος (126 λεπτά) :   |b ομίλ., έγχρ. ;   |c 4 3/4 ίν. +   |e 1 φυλλάδιο 
500 |a Δωρεάν διάθεση με την εφημερίδα "Το Βήμα". 
500 |a Κυκλοφόρησε πρώτη φορά ως κινηματογραφική ταινία το 1976. 
501 |a Περιλαμβάνεται σε κασετίνα με: The birds = Τα πουλιά. 
508 |a Σενάριο, Έρνεστ Λίμαν από το μυθιστόρημα του Βίκτορ Κάνινγκ. 
511 0 |a Karen Black, Bruce Dern, Barbara Harris. 
520 8 |a Η παράλληλη πορεία δύο ζευγαριών: ο κοσμηματοπώλης Άρθουρ Άνταμσον και η ερωμένη του Φραν είναι απαγωγείς προσωπικοτήτων και το ψευτομέντιουμ Μπλανς μαζί με τον σοφέρ φίλο της Τζορτζ αναζητούν τα ίχνη των κληρονόμων μιας πάμπλουτης γριάς. Η πορεία των δύο ζευγαριών θα διασταυρωθεί όταν η Μπλανς υποψιάζεται τον Άνταμσον ως κληρονόμο, την ώρα που εκείνος νομίζει ότι η Μπλανς είναι αστυνομικός, οπότε την αιχμαλωτίζει. 
546 |a Στα αγγλικά με υπότιτλους στα ελληνικά. 
650 0 |a Missing persons  |v Drama. 
655 7 |a Feature films  |2 lcgft 
700 1 |a Hitchcock, Alfred,   |d 1899-1980,  |e drt 
700 1 |a Black, Karen,   |d 1939-2013,  |e act 
700 1 |a Dern, Bruce,  |e act 
700 1 |a Harris, Barbara,   |d 1935-2018,  |e act 
852 |a INST  |b SYROS  |c AV  |e 20190627  |h 791.437 HIT  |p 005500013586  |q 005500013586  |t DVD  |y 23